FIFA World Cup 2026 - Argentina Squad - Statistics

General Stats
  • This quiz has been taken 5 times
  • The average score is 17 of 27
Answer Stats
Team # Position Club/Country Player % Correct
Argentina 20 CM Liverpool FC Alexis Mac Allister
75%
Argentina 13 CB Tottenham Hotspur Cristian Romero
75%
Argentina 23 GK Aston Villa Emiliano Martínez
75%
Argentina 24 CM Chelsea FC Enzo Fernández
75%
Argentina 14 CM Bayer 04 Leverkusen Exequiel Palacios
75%
Argentina 12 GK Olympique Marseille Gerónimo Rulli
75%
Argentina 17 RW Atlético de Madrid Giuliano Simeone
75%
Argentina 9 ST Atlético de Madrid Julián Alvarez
75%
Argentina 22 ST Inter Milan Lautaro Martínez
75%
Argentina 10 RW Inter Miami CF Lionel Messi
75%
Argentina Manager Argentina Lionel Scaloni
75%
Argentina 6 CB Manchester United Lisandro Martínez
75%
Argentina 26 RB Atlético de Madrid Nahuel Molina
75%
Argentina 19 CB SL Benfica Nicolás Otamendi
75%
Argentina 3 LB Olympique Lyon Nicolás Tagliafico
75%
Argentina 18 AM Como 1907 Nico Paz
75%
Argentina 7 CM Inter Miami CF Rodrigo De Paul
75%
Argentina 25 CB Olympique Marseille Facundo Medina
50%
Argentina 1 GK Atlético de Madrid Juan Musso
50%
Argentina 2 CB Olympique Marseille Leonardo Balerdi
50%
Argentina 15 LW Atlético de Madrid Nico González
50%
Argentina 8 CM RC Strasbourg Alsace Valentín Barco
50%
Argentina 11 AM Real Betis Balompié Giovani Lo Celso
25%
Argentina 4 RB CA River Plate Gonzalo Montiel
25%
Argentina 21 ST Sociedade Esportiva Palmeiras José Manuel López
25%
Argentina 5 DM CA Boca Juniors Leandro Paredes
25%
Argentina 16 LW Atlético de Madrid Thiago Almada
25%
No matching quizzes found
Score Distribution
Percent of People with Each Score
Percentile by Number Answered
Your Score History
You have not taken this quiz